Biological science / (Record no. 7700)
[ view plain ]
| 000 -LEADER | |
|---|---|
| fixed length control field | 00728nam a2200265 a 4500 |
| 001 - CONTROL NUMBER | |
| control field | 743 |
| 003 - CONTROL NUMBER IDENTIFIER | |
| control field | BD-DhUAP |
| 005 - DATE AND TIME OF LATEST TRANSACTION | |
| control field | 20210128154704.0 |
| 008 - FIXED-LENGTH DATA ELEMENTS--GENERAL INFORMATION | |
| fixed length control field | 210128s1995 enka 001 0 eng d |
| 020 ## - INTERNATIONAL STANDARD BOOK NUMBER | |
| International Standard Book Number | 0521498554 |
| 040 ## - CATALOGING SOURCE | |
| Original cataloging agency | Uk |
| Transcribing agency | Uk |
| Modifying agency | BD-DhUAP |
| Language of cataloging | eng |
| 082 04 - DEWEY DECIMAL CLASSIFICATION NUMBER | |
| Classification number | 574 GRE |
| Edition number | 23 |
| 100 1# - MAIN ENTRY--PERSONAL NAME | |
| Personal name | Green, N. P. O. |
| 245 00 - TITLE STATEMENT | |
| Title | Biological science / |
| Statement of responsibility, etc. | N. P. O. Green, G. W. Stout and D. J. Taylor ; edited by R. Soper. |
| 250 ## - EDITION STATEMENT | |
| Edition statement | 2nd ed. |
| 260 ## - PUBLICATION, DISTRIBUTION, ETC. | |
| Place of publication, distribution, etc. | Cambridge : |
| Name of publisher, distributor, etc. | Cambridge University Press, |
| Date of publication, distribution, etc. | 1995. |
| 300 ## - PHYSICAL DESCRIPTION | |
| Extent | vii,472p. : |
| Other physical details | ill. ; |
| Dimensions | 28cm. |
| 504 ## - BIBLIOGRAPHY, ETC. NOTE | |
| Bibliography, etc. note | Includes index. |
| 650 #0 - SUBJECT ADDED ENTRY--TOPICAL TERM | |
| Topical term or geographic name entry element | Biology. |
| 700 1# - ADDED ENTRY--PERSONAL NAME | |
| Personal name | Stout, G. W. |
| 700 ## - ADDED ENTRY--PERSONAL NAME | |
| Personal name | Taylor, D. J. |
| 700 ## - ADDED ENTRY--PERSONAL NAME | |
| Personal name | Soper, R. |
| 942 ## - ADDED ENTRY ELEMENTS (KOHA) | |
| Source of classification or shelving scheme | |
| Koha item type | Book |
No items available.
Bengali Keyboard